| Поле | Название | Значение |
| |
Тип записи |
i |
| |
Библиографический уровень |
m |
| 001 |
Контрольный номер |
RU/SLIB/B/237558200 |
| 005 |
Дата корректировки |
20201206204522.3 |
| 010 |
Индекс ISBN |
__ |
| d |
Цена |
146-91 |
| 101 |
Язык документа |
__ |
| a |
Язык текста |
rus |
| c |
Язык оригинала |
rus |
| 200 |
Заглавие и сведения об ответственности |
1_ |
| a |
Заглавие |
Пьесы |
| e |
Сведения, относящиеся к заглавию |
[аудиокнига] |
| f |
Первые сведения об ответственности |
А. П. Чехов ; читает Вячеслав Герасимов |
| b |
Общее обозначение материала |
Звукозапись |
| 210 |
Выходные данные |
__ |
| a |
Место издания |
М. |
| c |
Издательство |
АРДИС |
| d |
Дата издания |
2004 |
| 215 |
Физическое описание |
__ |
| a |
Объем |
1 электрон. опт. диск (Audio CD) (6 ч. 58 мин.) |
| 225 |
Серия |
__ |
| a |
Серия |
Литературные чтения |
| 300 |
Общие примечания |
__ |
| a |
Общие примечания |
MP3 ; 192 Kbps ; 44.1 кГц ; mono ; AudioCD |
| 323 |
Примечание о главных создателях, исполнителях, участниках |
__ |
| a |
Примечание о главных создателях, исполнителях, участниках |
Герасимов В. (читает) |
| 327 |
Примечание о содержании |
__ |
| a |
Примечание о содержании |
Дядя Ваня |
| 327 |
Примечание о содержании |
__ |
| a |
Примечание о содержании |
Три сестры |
| 327 |
Примечание о содержании |
__ |
| a |
Примечание о содержании |
Вишневый сад |
| 333 |
Примечание о целевом назначении |
__ |
| a |
Примечание о целевом назначении |
16+. Для детей старше 16 лет |
| 606 |
Тематические рубрики |
__ |
| a |
Основная рубрика |
Художественная литература |
| z |
Хронологическая подрубрика |
19 в. |
| y |
Географическая подрубрика |
Россия |
| 606 |
Тематические рубрики |
__ |
| a |
Основная рубрика |
Русская литература XIX в. (произведения) |
| 610 |
Ключевые слова |
__ |
| a |
Ключевые слова |
пьесы; драмы; тема общества; тема дворянства; тема нравов; тема поколений; тема лишних людей; тема внутреннего конфликта; тема иллюзий; тема призвания; тема исканий; тема искусства; тема духовности; тема русской земли |
| 686 |
Индексы других классификаций |
__ |
| a |
Классификационный индекс |
84(2=411.2)52-6я04; ст84(2Рос=Рус)1-6я04 |
| 700 |
Автор |
_1 |
| a |
Фамилия |
Чехов |
| b |
Имя |
А. П. |
| g |
Полное личное имя |
Антон Павлович |
| 4 |
Код отношения |
070 |
| 801 |
Источник записи |
_0 |
| a |
Страна |
RU |
| b |
Организация |
Муниципальное бюджетное учреждение культуры "Централизованная библиотечная система" г. Сургут (Центральная городская библиотека им. А. С. Пушкина) |
| g |
Правила каталогизации |
КиК/Дорошева |
| 801 |
Источник записи |
_1 |
| a |
Страна |
RU |
| b |
Организация |
Муниципальное бюджетное учреждение культуры "Централизованная библиотечная система" г. Сургут (Центральная городская библиотека им. А. С. Пушкина) |
| g |
Правила каталогизации |
КиК/Дорошева |
| 852 |
Данные о местонахождении |
__ |
| j |
Шифр хранения |
84(2=411.2)52-6я04 |
| c |
Каталожный индекс |
84(2Рос=Рус)1-6я04 |
| i |
Авторский знак |
Ч-56 |
| 901 |
Тип документа |
__ |
| t |
Тип документа |
0 |
| 903 |
Характеристики (МАРС) |
__ |
| a |
Дата передачи |
20070713 |
| 969 |
Тип издания |
__ |
| a |
Тип издания |
аудиокнига; сборник |
| 990 |
Данные о заказе (DOS) |
__ |
| j |
Количество экземпляров (DOS) |
3 |
| h |
N записи в КСУ для Б/У (DOS) |
200708 |